000 01010nam a2200253 a 4500
001 41445
003 BD-RjUL
005 20211209053405.0
008 160517s1957 pk ||||| |||| 00| 0 ben d
020 _c: PRs 2.00
035 _a(BD-RjUL)41563
040 _aBD-RjUL
_bben
_cBD-RjUL
041 _aben
082 _223
_bRAI 1957
_a297
100 1 _aরায়, মানবেন্দ্র নাথ
_9126728
245 1 0 _aইসলামের ঐতিহাসিক অবদান /
_cমানবেন্দ্র নাথ রায় ; অনুবাদক: মুহম্মদ আবদুল হাই
250 _a২য় সং.
260 _aঢাকা :
_bনওরোজ কিতাবিস্তান,
_c১৯৫৭
300 _a[১০], ১২৫ পৃ. ;
_c২১ সেমি.
650 _aইসলাম
_9237156
650 _aIslam
_9237157
700 _aহাই, মুহম্মদ আবদুল, অনুবাদক
_9237158
942 _2ddc
_cBK
999 _c41445
_d41445